Comercio exterior de Costa Rica, 1965
Պահպանված է:
| Համատեղ հեղինակ: | |
|---|---|
| Ձևաչափ: | Տեքստ |
| Հրապարակվել է: |
San José:
DGEC. Sección de Publicaciones
|
| Ցուցիչներ: |
Ավելացրեք ցուցիչ
Չկան պիտակներ, Եղեք առաջինը, ով նշում է այս գրառումը!
|
MARC
| LEADER | 00000 a a2200000 04500 | ||
|---|---|---|---|
| 001 | 17318 | ||
| 003 | |||
| 040 | |||
| 090 | |a 029000 | ||
| 110 | |a Costa Rica. Ministerio de Economía, Industria y Comercio. Dirección General de Estadística y Censos | ||
| 245 | |a Comercio exterior de Costa Rica, 1965 | ||
| 260 | |a San José: |b DGEC. Sección de Publicaciones | ||
| 300 | |a 339 p | ||
| 300 | |b **no definido** | ||
| 999 | |c 13570 |d 13570 | ||
